000 00857nam a22003250a 4500
001 PT58743
003 AR-LpoUNG
005 20260130013956.0
008 201001s2016||||ag |||||||||||||||||spa d
020 _a9789876302388
_c$4
040 _aAR-LpoUNG
_bspa
_eaacr
041 _aspa
044 _aag
082 0 _a404.4 578act
100 1 _aRinesi, Eduardo
_95
245 1 0 _aActores y soldados :
_bcinco ensayos hamletianos
250 _a1ra. ed.
260 _aLos Polvorines :
_bUniversidad Nacional de General Sarmiento,
_c2016.
300 _a103 p. :
_btbls.
490 0 _aCuadernos de la lengua
650 4 _aCOMUNICACION
650 4 _aENSAYO
650 4 _aIDENTIDAD CULTURAL
650 4 _aLENGUAS
650 4 _aTRADUCCION
653 0 _aLITERATURA INGLESA
653 1 _aSHAKESPEARE, WILLIAM
905 _a58743
942 _cLIB
_2ddc
999 _c51495
_d51495